Alphabet Minefield Quiz Stats

Quiz Updated Nov 3, 2016

Challenge
Share
Tweet
Embed
Score 0/60 Timer 02:00
0 Plays Today
Position Letter % Correct
follows A & B???
30.2%
between R & T???
30%
follows D & E???
29.9%
follows R & S???
29.9%
follows C & D???
29.9%
between C & E???
29.9%
follows H & I???
29.9%
between B & D???
29.9%
follows M & N???
29.8%
between L & N???
29.8%
follows F & G???
29.8%
between O & Q???
29.7%
follows E & F???
29.7%
follows T & U???
29.7%
follows X & Y???
29.7%
follows K & L???
29.7%
follows G & H???
29.7%
between J & L???
29.7%
follows N & O???
29.6%
follows I & J???
29.6%
follows Q & R???
29.6%
between T & V???
29.6%
follows P & Q???
29.6%
between F & H???
29.5%
between I & K???
29.5%
follows B & C???
29.4%
precedes B & C???
29.4%
follows O & P???
29.4%
follows S & T???
29.4%
follows J & K???
29.3%
Position Letter % Correct
follows W & X???
29.2%
between U & W???
29.2%
between P & R???
29.1%
follows V & W???
29%
follows L & M???
28.9%
follows U & V???
28.9%
between V & X???
28.7%
precedes D & E???
28.6%
precedes S & T???
28.5%
precedes E & F???
28.5%
precedes T & U???
28.4%
precedes C & D???
28.4%
precedes V & W???
28.3%
precedes U & V???
28.3%
precedes Y & Z???
28.2%
precedes F & G???
28.2%
precedes I & J???
28.2%
precedes K & L???
28.1%
precedes N & O???
28%
precedes M & N???
28%
precedes G & H???
27.9%
precedes O & P???
27.9%
precedes P & Q???
27.9%
precedes X & Y???
27.9%
precedes H & I???
27.8%
precedes L & M???
27.8%
precedes J & K???
27.7%
precedes R & S???
27.6%
precedes Q & R???
27.5%
precedes W & X???
27.3%

You're not logged in!

Compare scores with friends on all Sporcle quizzes.
Sign Up with Email
OR
Log In

You Might Also Like...

Show Comments

Extras

Top Quizzes Today


Score Distribution

Your Account Isn't Verified!

In order to create a playlist on Sporcle, you need to verify the email address you used during registration. Go to your Sporcle Settings to finish the process.

Report this User

Report this user for behavior that violates our Community Guidelines.

Details: